000 01386nam a2200337Ia 4500
001 ebr10449666
003 CaPaEBR
006 m u
007 cr cn|||||||||
008 070323s2008 enk sb 001 0 eng d
010 _z 2007012681
020 _z0754662020 (alk. paper)
020 _z9780754662020 (alk. paper)
020 _z9780754683056 (ebook)
040 _aCaPaEBR
_cCaPaEBR
035 _a(OCoLC)715159292
050 1 4 _aPR830.L69
_bF56 2008eb
100 1 _aFletcher, Lisa.
245 1 0 _aHistorical romance fiction
_h[electronic resource] :
_bheterosexuality and perfomativity /
_cLisa Fletcher.
260 _aAldershot, England ;
_aBurlington, VT :
_bAshgate,
_cc2008.
300 _aviii, 177 p.
504 _aIncludes bibliographical references (p. [163]-171) and index.
533 _aElectronic reproduction.
_bPalo Alto, Calif. :
_cebrary,
_d2011.
_nAvailable via World Wide Web.
_nAccess may be limited to ebrary affiliated libraries.
650 0 _aHeterosexuality in literature.
650 0 _aHistorical fiction, English
_xHistory and criticism.
650 0 _aLove stories, English
_xHistory and criticism.
650 0 _aSpeech in literature.
655 7 _aElectronic books.
_2local
710 2 _aebrary, Inc.
856 4 0 _uhttp://site.ebrary.com/lib/rucke/Doc?id=10449666
_zAn electronic book accessible through the World Wide Web; click to view
999 _c138388
_d138388